Problematika supravodivosti a jej aplikácie v praxi
Saved in:
| Main Author: | |
|---|---|
| Other Authors: | |
| Format: | Manuscript Book |
| Language: | Slovak |
| Published: |
2017
|
| Subjects: | |
| Online Access: | http://is.stuba.sk/zp/portal_zp.pl?podrobnosti=125571 |
| Tags: |
No Tags, Be the first to tag this record!
|
MARC
| LEADER | 00000ntm a22000003a 4500 | ||
|---|---|---|---|
| 001 | stuzp61081 | ||
| 003 | SK-STU | ||
| 005 | 20170624211159.1 | ||
| 007 | ta | ||
| 008 | 150427s2015----xo-----f-mn---000-0-slo-d | ||
| 040 | |a STU |b slo | ||
| 041 | 0 | |a slo | |
| 100 | 1 | |a Kulhánek, Jakub |u 020010 |4 aut |U SjF Strojnícka fakulta |T SjF Ústav aplikovanej mechaniky a mechatroniky |X 81445 |U J0010 |Y 801 |7 81445 | |
| 242 | 0 | 1 | |a Issues of superconductivity and its practical aplications |y eng |
| 245 | 1 | 0 | |a Problematika supravodivosti a jej aplikácie v praxi |
| 260 | |c 2017 | ||
| 650 | 4 | |a supravodivosť |2 slo | |
| 650 | 4 | |a supravodič |2 slo | |
| 650 | 4 | |a BCS |2 slo | |
| 650 | 4 | |a kritická teplota |2 slo | |
| 650 | 4 | |a prax |2 slo | |
| 650 | 4 | |a superconductivity |2 eng | |
| 650 | 4 | |a superconductor |2 eng | |
| 650 | 4 | |a BCS |2 eng | |
| 650 | 4 | |a critical temperature |2 eng | |
| 650 | 4 | |a practice |2 eng | |
| 700 | 1 | |a Garan, Martin |u 020010 |k Z1 |4 ths |U SjF Strojnícka fakulta |T SjF Ústav aplikovanej mechaniky a mechatroniky |X 10008 |U J0010 |Y 801 |7 A000010008 | |
| 856 | 4 | |u http://is.stuba.sk/zp/portal_zp.pl?podrobnosti=125571 | |